Hydrology and water resources engineering

Bibliographic Details
Main Author: Patra, K.C
Format: Book
Language:English
Published: Oxford, United Kingdom : Alpha Science International , 2008
Edition:2nd ed.
Subjects:

MARC

LEADER 00000cam a2200000 7i4500
001 0000024298
005 20120416.0
008 120416s -uka eng
020 |a 9781842654217 ,   |c RM358.00 
040 |a INS 
090 0 0 |a GB661.2   |b P38 2008 
100 1 |a Patra, K.C 
245 1 0 |a Hydrology and water resources engineering   |c K.C Patra 
250 |a 2nd ed. 
260 |a Oxford, United Kingdom :   |b Alpha Science International ,   |c 2008 
300 |a xvi, 591p. :   |b ill. ;   |c 25cm. 
500 |a Includes index 
650 0 |a Hydraulic engineering 
650 0 |a Hydrology 
999 |a 1000000690   |b BOOK   |c Open Shelf   |e Default branch